000 00798nam a2200241 i 4500
001 105557
003 ES-MaACL
005 20250629053020.0
007 t|
008 060725s1941 cl ||||1| spa d
080 _a946(0:820-4)
100 1 _aFrank, Waldo.
_952316
245 1 0 _aEspaña virgen
_b: escenas del drama espiritual de un gran pueblo /
_cWaldo Frank ; traducción del inglés por León Felipe.
250 _a2ª ed.
260 _aSantiago de Chile :
_bZig-Zag,
_c1941.
300 _a252 p. ;
_c21 cm.
490 1 _aHistoria y documentos
651 4 _aEspaña-
_xHistoria.
_98209
700 1 _aLeón Felipe,
_d1884-1968
_971613
830 0 _aHistoria y documentos
_9186408
852 _aES-MaACL
_jAND-359
_z. - Biblioteca Juan Andrade
999 _c105557
_d105557